| 000 | 00956nac a22002411u 4500 | ||
|---|---|---|---|
| 008 | 101010t xxu||||| |||| 00| 0 eng d | ||
| 010 | _a 89125021 | ||
| 082 | 0 | 0 |
_a323.119274 _bFOR _222 |
| 110 | _aUnited Nations | ||
| 245 | 0 | 0 |
_aFor the Rights of Palestinians : _bWork of the Committee on the Exercise of the Inalienable Rights of the Palestinian People / _cUnited Nations |
| 260 |
_a[New York] : _bUnited Nations, _c[1988] |
||
| 300 |
_a22 p. : _bill. ; _c23 cm. |
||
| 500 | _aCover title. | ||
| 500 | _aDonations. | ||
| 500 | _aDonations - Bibliotheca Alexandrina. | ||
| 610 |
_920222 _aUnited Nations _bCommittee on the Exercise of the Inalienable Rights of the Palestinian People |
||
| 610 |
_920223 _aUnited Nations _zPalestine |
||
| 650 | 0 |
_aHuman rights _zIsrael. _920225 _2BUEsh |
|
| 650 | 0 |
_aPalestinian Arabs _xCivil rights _zIsrael. _920226 _2BUEsh |
|
| 651 | _2BUEsh | ||
| 710 | 2 |
_aUnited Nations. _920227 |
|
| 942 |
_cBB _k323.119274 FOR _2ddc |
||
| 999 |
_c3543 _d3543 |
||